00886nam a22002297a 4500003000500000005001700005008004100022010001000063011001000073035001000083040000900093100003300102245019700135260002700332300001000359502009600369650005000465650002900515650003800544650002700582650004700609CHAP20220329141746.0971013s1972 r 00010 d a73407 a74379 a83938 cCHAP00aGarcía Salomón, Eduardo. aComparación de eficiencias en el uso de los factores productivos entre dos grupos de fincas agropecuarias en la unidad Valle Hermoso del Distrito de Riego No. 25 del Bajo Río Bravo, Tamps. aMonterrey, N.L.,c1972 a84 h. aTesis (Ing. Agrónomo Fitotecnista) -- ITESM. Div. de Ciencias Agropecuarias y Marítimas14aAgriculturaxAspectos economicosxTamaulipas.14aAgriculturaxTamaulipas.14aCultivosxCostos de producción.14aCultivosxRendimiento.14aDistrito de Riego Bajo Río Bravo, Tamps.